| 000 | 00411nam a2200181Ia 4500 | ||
|---|---|---|---|
| 008 | 210210b1961 xxu||||| |||| 00| 0 eng d | ||
| 041 | _aeng | ||
| 082 | _a386/40 | ||
| 100 | _aJHABVALA (Noshirvan H) | ||
| 245 | _aIndian limitation act | ||
| 260 |
_aBombay _bC Jamnadas & Co. _c1961 |
||
| 300 | _a94+10 | ||
| 650 | _alimitation | ||
| 650 | _aIndian | ||
| 650 | _aact | ||
| 690 | _aLaw | ||
| 906 | _a005592 | ||
| 999 |
_c125743 _d125743 |
||